00840nas a2200229 4500001001000000003000900010005001700019007000300036008003400039040005400073041000900127072000800136100001300144245011000157650001700267650001500284773008500299909004000384942001800424999001700442952015100459BR7803596BR-BrBNA20231205083448.0ta230509b bl.|||p| |||| 00| 00por d aBR-BrBNAbporcBiblioteca Nacional de Agricultura a(Pt) aM201 aLira, L.1 aDistribuicao de sedimentos na praia submarina entre Pau Amarelo e Carne de Vaca - PE [Pernambuco; Brasil] aOceanografia aPernambuco0 tCaderno Omega (Brazil)xISSN 0100-2732g(Dec 1978), v. 2(2) p. 95-108wBR7803596 a202311bLúciac55dLúcia Elande 2AGRISn0cANA c98929d98929 002AGRIS4071a41918b41918cPeriódicos Agrícolash(Dec 1978), v. 2(2) p. 95-108l0r2023-11-29t01yCRePortaria Interministerial nº 164/94